JackSucksAtGeography True or False - Statistics

General Stats
  • This quiz has been taken 429 times
    422 since last reset
  • The average score is 8 of 15
Answer Stats
Question Answer % Correct
There is a Reddit for JacksucksatGeography True
89%
Jack did real life Geoguessr in Egleton True
82%
Jack confused the Mexican flag with the Ghanaian flag True
71%
The most viewed video on the channel is a YouTube Short True
68%
Jack's profile picture is blue False
66%
Jack has learnt all the world's capital cities False
63%
Jack has attempted to draw the Sudan flag True
63%
Jack will go to Equatorial Guinea when he hits 1 million subscribers on this channel True
55%
In How Many Flags Can I Find In London?, Jack found a Swedish flag False
42%
Jack has used the verb 'staggering' in his Maps I Find series False
42%
There is a mini Denmark in Denmark is a video on the channel False
39%
Jack only could name 65 countries on his first attempt of learning all 197 countries. False
29%
This is Jack's 3rd most subscribed YouTube channel False
29%
Jack confused the Luxembourg and Gambian flags True
29%
Jack created this channel before the UK went into its first COVID lockdown False
24%
No matching quizzes found
Score Distribution
Percent of People with Each Score
Percentile by Number Answered
Your Score History
You have not taken this quiz since the last reset